000 00744cab a2200277 4500
001 ABS60123
008 090401t1999 xxu||||| |||| 00| 0 eng d
035 _a(Sirsi) u91535
041 _aeng
245 _aRegional survey: Berkshire
260 _c1999
350 _a0
490 _aProperty Week
_v64(7) 19 February 1999, 39-78(13)
650 _aBERKSHIRE
650 _aBRACKNELL
650 _aBUSINESS PARKS
650 _aNEWBURY
650 _aPROPERTY-COMMERCIAL PROPERTY-OFFICE PROPERTY-OFFICE PROPERTY MARKET
650 _aPLANNING ISSUES
650 _aREADING
650 _aSLOUGH
650 _aTHAMES VALLEY
690 _aPROPERTY-COMMERCIAL PROPERTY-COMMERCIAL PROPERTY MARKET
942 _n0
948 _c23/02/1999
999 _c58111
_d58111